000 00693nam a2200229 a 4500
001 000033256
003 DO-SdBNP
005 20240412074257.0
007 ta
008 110823s1955 dr 000 j spa d
040 _aDO-SdBNP
_bspa
_cBNPHU
082 4 _aRD863.44
_bC764d
_222
100 1 _aContreras, Hilma,
_d1913-2006
_914873
245 1 0 _aDoña Endrina de Calatayud /
_cHilma Contreras.
260 _aCiudad Trujillo, República Dominicana :
_bArte y Cine,
_c1955.
300 _a42 p. ;
_c17 cm
590 _aInventariado, 2023/BT
650 0 _aCuentos dominicanos
_9176
650 0 _aLiteratura dominicana.
_967
910 _aValidado. Control de calidad. MMOLINA
942 _2ddc
_cLF2
999 _c32747
_d32747